000 00325nam a2200145Ia 4500
100 _aStones/ Richard/ Mathew/ Neil
942 _cRB
654 _acomputer
245 _aBegining Linux Programming
260 _bShroff Publishers
_c1999
082 _a005.133'L'
_bMAT
300 _a945
546 _aENGLISH
999 _c31900
_d31900